00483nam a2200181 a 4500001001300000003000900013005001700022008004100039020001000080082001600090100003300106245003100139260003800170300000900208500003500217650001600252700003300268nice12345678IN_TiNIC20260116014752.0080409s2000 dela grp 000 0 eng  ac30000a340.59bDHA aDhahabi, Muhammad Bin Uthman aThe Major Sins (al-Kabair) aDelhi bMillat Book Centre c2000 a277p aincludes index and biblioraphy aIslamic-Law1 aDhahabi, Muhammad Bin Uthman